Kraje z najlepszym jedzeniem - Statystyki

Ogólne statystyki
  • Ten quiz został rozwiązany 124 razy
  • Średni wynik to 3 z 10
Statystyki odpowiedzi
Numer Kraj % Poprawnych
1 Włochy
100%
2 Grecja
51%
3 Hiszpania
37%
4 Japonia
32%
5 Indie
22%
6 Meksyk
22%
9 Francja
16%
7 Turcja
16%
8 USA
14%
10 Peru
3%
Nie znaleziono quizów pasujących do podanych kryteriów
Rozkład punktacji
Procent ludzi z każdym wynikiem
Percentyl według liczby udzielonych odpowiedzi
Twoja historia wyników
Nie rozwiązałeś tego quizu